| 000 | 00939nam a2200253 i 4500 | ||
|---|---|---|---|
| 001 | bg | ||
| 100 | 1 | _aŁoszewska-Ołowska, Maria. | |
| 245 | 0 | 0 |
_aPodstawy prawa dla dziennikarzy / _cMaria Łoszewska-Ołowska. |
| 260 |
_aWarszawa : _bCentrum Doradztwa i Informacji Difin, _c2008. |
||
| 300 |
_a405 s. ; _c23 cm. |
||
| 500 | _aNa okł. podtyt.: teoria prawa, prawo konstytucyjne, prawo administracyjne, prawo karne, prawo cywilne. W zał. teksty aktów prawnych. | ||
| 504 | _aBibliogr. s. 277-279. | ||
| 521 | 8 | _aDla studentów dziennikarstwa i komunikacji społecznej. | |
| 650 | 9 |
_aPrawo _zPolska _ystan na 2008 r. |
|
| 655 | _aPodręczniki akademickie | ||
| 020 | _a9788372518958 | ||
| 040 | _cBPK | ||
| 041 | 0 | _apol | |
| 044 | _aPOL | ||
| 920 | _a978-83-7251-895-8 | ||
| 942 | _cKS | ||
| 008 | s pl f |000 0 pol | ||
| 999 |
_c55236 _d55236 |
||
| 856 |
_uhttp://koha.tu.koszalin.pl/cgi-bin/koha/opac-detail.pl?biblionumber=55236 _yKatalog online BPK |
||